Les personnages de Blake et Mortimer dans l'Histoire: Les évènements qui ont inspiré l'oeuvre d'Edgar P. Jacobs (Registro nro. 325562)

Detalles MARC
000 -ENCABEZADO
Número de control [NR] 00999nam a22002297a 4500
005 - FECHA Y HORA DE LA ÚLTIMA TRANSACCIÓN
control field 20250715150218.0
008 - DE LONGITUD FIJA DE DATOS DE ELEMENTOS - INFORMACIÓN GENERAL
Elementos de longitud fija [NR] 250715t ||||| |||| 00| 0 fre d
020 ## - NUMERO INTERNACIONAL NORMALIZADO PARA LIBROS [R]
Número Internacional Normalizado del libro [NR] 9791090956254
040 ## - FUENTE DE CATALOGACION [NR]
Agencia de catalogación original [NR] CO-BoUCM
Quien Cataloga David Moreno
Quien Clasifica David Moreno
041 ## - CODIGO DE IDIOMA [R]
Código de idioma para texto/pista de sonido o título separado [R] Francés
100 1# - ASIENTO PRINCIPAL--NOMBRE PERSONAL [NR]
Nombre personal [NR] Daubert, Michel
ID Autoridad 186168
245 14 - MENCION DE TITULO [NR]
Título [NR] Les personnages de Blake et Mortimer dans l'Histoire: Les évènements qui ont inspiré l'oeuvre d'Edgar P. Jacobs
Mención de responsabilidad, etc. [NR] Michel Daubert, Jacques Langlois
260 ## - PUBLICACION, DISTRIBUCION, ETC. (PIE DE IMPRENTA) [R]
Lugar de publicación, distribución, etc. [R] Paris, Francia
Nombre del editor, distribuidor, etc. [R] Sophia publications
Fecha de publicación, distribución, etc. [R] 2014
300 ## - DESCRIPCION FISICA [R]
Extensión [R] 111 Paginas
Otros detalles físicos [NR] ilustraciones a color
600 ## - ASIENTO SECUNDARIO DE MATERIA - NOMBRE PERSONAL [R]
Nombre personal [NR] Jacobs, Edgar Pierre
Fechas asociadas con el nombre [NR] 1904-1987
Subdivisión general [R] Crítica e interpretación
9 (RLIN) 186169
650 14 - ASIENTO SECUNDARIO DE MATERIA - TERMINO TEMATICO [R]
Término temático o nombre geográfico como elemento de entrada [NR] Blake y Mortimer (personajes ficticios)
Subdivisión general [R] Cómic europeo
9 (RLIN) 186170
650 14 - ASIENTO SECUNDARIO DE MATERIA - TERMINO TEMATICO [R]
Término temático o nombre geográfico como elemento de entrada [NR] Novela gráfica
Subdivisión general [R] Influencias históricas
9 (RLIN) 186171
650 14 - ASIENTO SECUNDARIO DE MATERIA - TERMINO TEMATICO [R]
Término temático o nombre geográfico como elemento de entrada [NR] Cultura popular
Subdivisión general [R] Análisis de cómic
9 (RLIN) 186172
700 1# - ASIENTO SECUNDARIO - NOMBRE PERSONAL [R]
Nombre personal [NR] Langlois, Jacques
9 (RLIN) 186173
942 ## - ELEMENTOS DE ENTRADA AGREGADOS (KOHA)
Sistema de clasificación DEWEY
Tema principal Arte
Tipo de ítem principal el descrito en 300a Libro
Edición 1
Clasificación 741.5944
Parte restante de la signatura top. D235p
Título oculto en OPAC No
Existencias
Fecha de último préstamo Total préstamos Signatura topográfica Código de barras Última vez visto Ejemplar Price effective from Tipo de ítem Nota pública (OPAC) Perdido Sistema de clasificación Dañado No prestable Tipo de ítem específico Suprimido Ubicación habitual Ubicación actual Localización Fecha de creación Forma de adquisición Costo
20/10/2025 1 741.5944 D235p 100174137 05/12/2025 Ej.1 15/07/2025 Libro Spot Artes Visuales   DEWEY     Libro   Claustro Claustro Mezanine 15/07/2025 Compra 132748.00